| 000 | 00563nam a22001817a 4500 | ||
|---|---|---|---|
| 003 | 0 | ||
| 005 | 20230817134123.0 | ||
| 008 | 230817b xxu||||| |||| 00| 0 eng d | ||
| 020 | _a978-971-9655-21-3 | ||
| 050 |
_aHD 30.25 _b.Si57 2023 |
||
| 100 | _aSirug, Winston | ||
| 245 |
_aManagement science (quantitative methods for business/operations research) _cWinston Sirug |
||
| 260 |
_aManila _bMindshapers Co., Inc. _cc2023. |
||
| 300 |
_ax, 403 pages : _bill. ; _c26 cm. |
||
| 500 | _aManagement science. | ||
| 650 | _aManagement science. | ||
| 942 |
_2lcc _cBK |
||
| 999 |
_c365169 _d365169 |
||